000 00490nam a2200157 4500
001 122697
003 ES-MaACL
005 20230906192027.0
007 t|
008 070214s1928 mx r ||||1| spa d
100 1 _aPuig Casauranc, José Manuel.
_994258
245 1 3 _aLa cosecha y la siembra
_b: (exposición crítica social y política) /
_cJosé Manuel Puig Casauranc.
260 _aMéxico :
_b[s.n.],
_c1928.
300 _aXIV, 388 p. ;
_c25 cm.
852 _aES-MaACL
_jA-105
_bR.8928
999 _c122697
_d122697